| 000 | 00665nam a2200253 a 4500 | ||
|---|---|---|---|
| 001 | nice12345678 | ||
| 003 | IN_TiNIC | ||
| 005 | 20260116013518.0 | ||
| 008 | 050524s1983 dela grp 000 0 eng | ||
| 020 |
_a _c200 |
||
| 082 | 0 | 0 |
_a954.025 _bSID1 |
| 100 | _aSiddiqui, Iqtidar Husain | ||
| 245 | _aMughal Relations With the Indian Ruling Elite | ||
| 260 |
_aDelhi _bMunshiram Manoharlal Pub _c1983 |
||
| 300 | _a203p | ||
| 500 | _aincludes index and biblioraphy | ||
| 505 | 2 | _abibliography, index | |
| 650 | _aMughal India | ||
| 650 | _aNobles and Mughals | ||
| 700 | 1 | _aSiddiqui, Iqtidar Husain | |
| 902 | _bSRS | ||
| 942 | _cBK | ||
| 999 |
_c11282 _d11282 |
||